European Commission overload and the pathology of management reform: garbage cans, rationality and risk aversion (Record no. 70465)

000 -LEADER
fixed length control field 00410pab a2200133 454500
008 - FIXED-LENGTH DATA ELEMENTS--GENERAL INFORMATION
fixed length control field 180718b2006 xxu||||| |||| 00| 0 eng d
100 ## - MAIN ENTRY--PERSONAL NAME
Personal name Levy, Roger P.
245 ## - TITLE STATEMENT
Title European Commission overload and the pathology of management reform: garbage cans, rationality and risk aversion
260 ## - PUBLICATION, DISTRIBUTION, ETC.
Date of publication, distribution, etc. 2006
300 ## - PHYSICAL DESCRIPTION
Extent p.423-39.
650 ## - SUBJECT ADDED ENTRY--TOPICAL TERM
Topical term or geographic name entry element European Commission
773 ## - HOST ITEM ENTRY
Main entry heading Public Administration
909 ## -
-- 70465
Holdings
Withdrawn status Lost status Damaged status Not for loan Permanent Location Current Location Date acquired Serial Enumeration / chronology Barcode Date last seen Price effective from Koha item type
        Indian Institute of Public Administration Indian Institute of Public Administration 2018-07-19 Volume no: 84, Issue no: 2 AR70925 2018-07-19 2018-07-19 Articles

Powered by Koha